Problemas prácticos de matemáticas para el electricista: clave para el maestro con las soluciones

Sparad:
Bibliografiska uppgifter
Institutionell upphovsman: Delmar Publishers (Författare, medförfattare)
Materialtyp: Bok
Språk:spanska
Publicerad: Ciudad de México Diana 1974
Serie:Manuales Delmar de Electricidad y Electrónica
Ämnen:
Taggar: Lägg till en tagg
Inga taggar, Lägg till första taggen!

MARC

LEADER 00000nam a2200000 a 4500
001 UCU2789
003 CL-VaPUC
008 960426e19740000MX |||||||||||||||||spa|d
082 0 4 |a 510  |b DEL  |2 21 
110 2 |a Delmar Publishers  |e author  |9 359306 
245 1 0 |a Problemas prácticos de matemáticas para el electricista: clave para el maestro con las soluciones 
300 |a 33 p 
942 |c BK 
945 |d 19960426 00:00:00  |a lriquelm 
260 |a Ciudad de México  |b Diana  |c 1974 
650 0 |a Matemática  |9 260235 
650 0 |a Números   |9 265328 
650 0 |a Números enteros   |9 357374 
650 0 |a Fracciones  |9 316607 
650 7 |a ELECTRICISTAS  |2 CL-VaPUC  |9 359307 
650 0 |a Electricidad  |9 260222 
583 |a last modification  |c 19960426 00:00:00  |k Rodrigo Vera 
490 0 |a Manuales Delmar de Electricidad y Electrónica 
999 |c 247008  |d 247006 
952 |0 0  |1 0  |4 0  |6 510_000000000000000_DEL_1974  |7 0  |8 A  |9 262514  |a BIBING  |b BIBING  |d 2019-11-19  |i 1643681  |o 510 DEL 1974  |p 1643681  |r 2025-01-20  |w 2019-11-19  |y BK  |k EIE 
952 |0 0  |1 0  |4 0  |6 510_000000000000000_DEL_1974  |7 0  |8 A  |9 262515  |a BIBING  |b BIBING  |d 2019-11-19  |i 164372K  |o 510 DEL 1974  |p 164372K  |r 2025-01-20  |w 2019-11-19  |y BK  |k EIE 
952 |0 0  |1 2  |2 ddc  |4 0  |6 510_000000000000000_DEL_1974  |7 0  |8 A  |9 262516  |a BIBING  |b BIBING  |d 2019-11-19  |i 1643258  |o 510 DEL 1974  |p 1643258  |r 2019-11-19  |w 2019-11-19  |y BK  |k EIE 
952 |0 0  |1 0  |4 0  |6 510_000000000000000_DEL_1974  |7 0  |8 A  |9 262517  |a BIBING  |b BIBING  |d 2019-11-19  |i 1643460  |o 510 DEL 1974  |p 1643460  |r 2025-01-20  |w 2019-11-19  |y BK  |k EIE